載入...

Portable /

書目詳細資料
主要作者: Lawrence, D H.
格式: Printed Book
出版: England : Penguin , 2003.
主題:
LEADER 00414cam a2200133ua 4500
082 1 4 |a 823.912  |b LAW-P 
100 1 |a Lawrence, D H. 
245 1 0 |a Portable /  
260 |a England :   |b Penguin ,   |c 2003. 
300 |a 688p. ;  
650 0 |a English fiction 
942 |c BK 
999 |c 37309  |d 37309 
952 |0 0  |1 0  |4 0  |6 823_912000000000000_LAWP  |7 0  |9 47836  |a KU  |b KU  |d 2015-07-05  |l 1  |o 823.912 LAW-P  |p EN10625  |q 2020-03-18  |r 2020-02-17  |s 2020-02-17  |y BK